000 00566nam a2200181Ia 4500
005 20260429112242.0
008 260429s9999||||xx |||||||||||||| ||und||
020 _a9788126724239
041 _aHindi
082 _a891.438
_bPAR
100 _aपरसाई, हरिशंकर
245 0 _aपूछो परसाई से /
_cहरिशंकर परसाई
250 _a1st ed.
260 _aनई दिल्ली :
_bराजकमल प्रकाशन,
_c2013.
300 _a743 p.; Hb
650 _aHindi Literature
942 _cTB
999 _c53133
_d53133